000 00456nam a22001337a 4500
082 _a690.068
_bCOS
_cD
100 _aProgramme Division of International Tutor Machines Ltd
_945301
245 _aCost Control in Building Design
_bCost Control in Building Design A programmed text
260 _aLondon
_bHer Majesty's Stationery Office London
300 _aix, 419 P, :
526 _a0
_b0
_c0
_d690_068000000000000_COS
650 _aMCE
_9379
942 _2ddc
_cBK
999 _c548859
_d548859